000 00492nam a22001811a 4500
001 1698
003 OSt
005 20260204211744.0
008 040120s(199||||dr ||||||b||||||||||spa||
050 _aRD 344.02 R299l
082 _a344.02 R299l
111 _aRepública Dominicana
245 _aLegislación vigente sobre seguros sociales y accidentes del trabajo. Ley Nº 1896 y 385
264 _aSanto Domingo : Dalis
300 _a88 p
650 _a1.Seguros SocialesÌ
942 _2ddc
_cBK
999 _c1698
_d1698